000 02323cam a2200181 4500500
005 20260111094317.0
041 _afre
042 _adc
100 1 0 _aMoriceau, Jean-Marc
_eauthor
700 1 0 _aVigreux, Jean
_eauthor
245 0 0 _aLa modernisation des campagnes européennes
260 _c2005.
500 _a58
520 _aRésuméL’opposition du parti du maire et du parti du curé, souvent décrite comme la forme emblématique de la querelle villageoise sous le régime du Concordat, n’est qu’une manifestation parmi d’autres du conflit de factions, caractéristique de la vie des collectivités rurales tout au long du xixe siècle. Ces affrontements sont étudiés ici à partir de l’exemple des communes du Lot (Haut-Quercy). Si l’enjeu des disputes reste pour l’essentiel local, les deux camps expriment souvent leur opposition dans le langage de la politique nationale. Cependant cette politisation des disputes ne se manifeste pas d’une manière linéaire et inéluctable. En observant les mécanismes de la formation des partis villageois, qui font jouer simultanément plusieurs types de solidarité, on peut évaluer dans quelle mesure l’affiliation des villageois à l’un ou l’autre de ces partis reflète leur inscription dans les réseaux de solidarité locaux.
520 _aIn the 19th-century French countryside, conflicts between mayors and parish priests as well as their respective supporters were very frequent, especially in the Haut-Quercy. But these quarrels were just a particular case among others of a type of factionalist disputes, spliting the village into two rival parties. The issue at stake was often a local matter, but may also have had a more political aspect. Yet, the politicization of the village dispute during the 19th century should not be seen as the outcome of a linear process. This paper also deals with the question of the formation of local parties. The author tries to estimate to what extent the position of the village inhabitants in the local web of solidarities explains their affiliation to either one or another faction.
786 0 _nHistoire & Sociétés Rurales | 23 | 1 | 2005-03-01 | p. 7-10 | 1254-728X
856 4 1 _uhttps://shs.cairn.info/revue-histoire-et-societes-rurales-2005-1-page-7?lang=fr&redirect-ssocas=7080
999 _c1628565
_d1628565